al-Tārīkh al-diblūmāsī min 1939 ila al-yawm /

محفوظ في:

المؤلف الرئيسي: Duroselle, Jean-Baptiste, 1917-1994 (مؤلف)

مؤلفون آخرون: Ḥāṭūm, Nūr al-Dīn.

التنسيق: كتاب

اللغة: Arabic
French

منشور في: Dimashq : Jāmiʻat Dimashq, 1962.

الموضوعات:

الوسوم: إضافة وسم

لا توجد وسوم, كن أول من يضع وسما على هذه التسجيلة!

رقم الطلب: D443 .D912 1962

LEADER 01223nam a22002657a 4500
003 OSt
005 20251215134611.0
008 251215t1962 sy g 000 0 ara d
040 |c ARCE Library 
041 1 |a ara  |h fre 
043 |a e----- 
050 1 4 |a D443  |b .D912 1962 
100 1 |a Duroselle, Jean-Baptiste,  |d 1917-1994,  |e author  |9 29337 
240 1 0 |a Histoire diplomatique de 1919 à nos jours.  |l Arabic 
245 1 3 |6 880-02  |a al-Tārīkh al-diblūmāsī min 1939 ila al-yawm /   |c J. B. Duroselle ; tarjamat Nūr al-Dīn Ḥāṭūm. 
264 1 |a Dimashq :   |b Jāmiʻat Dimashq,   |c 1962. 
300 |a 517 pages ;   |c 25 cm. 
500 |a Translation of : Histoire diplomatique de 1919 à nos jours. 
650 0 |a World politics   |y 20th century. 
651 0 |a Europe  |x Foreign relations  |y 1918-1945. 
700 1 |a Ḥāṭūm, Nūr al-Dīn.  |9 31766 
880 1 2 |6 245-02/(3/r  |a التاريخ الدبلوماسي من 1939 إلى اليوم   |c تأليف ج. ب. دروزيل ؛ ترجمة نور الدين حاطوم.‪‪‪‪‪‪‪‪‪‪‪‪‪‪‪‪‪‪‪‪‪‪‪‪‪‪‪‪‪‪‪‪‪‪‪‪‪‪‪‪‪‪‪‪‪‪‪‪‪‪‪ 
901 |a reviewed 
942 |c BK  |2 lcc 
999 |c 26573  |d 26573